Lukács és a racionalizmus
Elmentve itt :
| Szerző: | |
|---|---|
| Adatforrás: | Philobibl |
| Forrásdokumentuma: | Doxa 1987:8. p. 41-57. |
| Dokumentumtípus: | Cikk |
| Nyelv: | magyar |
| Megjelent: |
1987
|
| LEADER | 00292nab a2200109 c 4500 | ||
|---|---|---|---|
| 001 | bibPHI0032865 | ||
| 005 | 20200924123107.5 | ||
| 008 | 081022s1987 hu hun | ||
| 100 | 1 | |a Fehér M. István | |
| 245 | 1 | 0 | |a Lukács és a racionalizmus |c Fehér M. István |
| 260 | |a 1987 | ||
| 773 | 0 | |t Doxa |g 1987:8. p. 41-57. | |